O Jaki Kraj Chodzi? - Statystyki

Ogólne statystyki
  • Ten quiz został rozwiązany 510 razy
  • Średni wynik to 14 z 25
Statystyki odpowiedzi
Pytanie Odpowiedz % Poprawnych
Największy na Świecie Rosja
99%
Najmniejszy na Świecie Watykan
92%
Z Jakiego Kraju pochodzi Messi? Argentyna
91%
Brat Polski Litwa/Czechy/Słowacja/Węgry/Białoruś/Ukraina
83%
Najlepsza Armia USA
83%
Najlepszy w Piłkę Nożną Mężczyzn pod względem Rankingu Brazylia
78%
Wygrał Mistrzostwa Świata w 2014 Niemcy
77%
Najwięcej Żołnierzy Chiny
75%
Największy w Ameryce Północnej Kanada
70%
Największy w Europie (nie licząc Rosji) Ukraina
70%
Czy Sri Lanka jest osobnym krajem? tak
66%
Najdłuższy kraj? Chile
59%
Najmądrzejszy pod względem IQ Normalnego Człowieka Japonia
59%
Ma najbardziej podobną flagę do Wielkiej Brytanii Australia/Nowa Zelandia/Fidżi/Tuvalu
56%
Kraj Który miał największe Imperium? Wielka Brytania
52%
Giga Czad Czad
49%
Największy z Afryki Algieria
48%
Największy na Karaibach Kuba
47%
Najmniejszy z Ameryki Południowej Surinam
35%
Kraj z najlepszą Historią Egipt
33%
Była Kolonia Włoska Libia/Somalia
30%
Największe Fabryki Oleju Arabia Saudyjska
22%
Od jakiego kraju pochodzi skrót "PNG"? Papua Nowa Gwinea
20%
Najbiedniejszy Burundi
17%
Najwięcej razy zbombardowany Laos
16%
Nie znaleziono quizów pasujących do podanych kryteriów
Rozkład punktacji
Procent ludzi z każdym wynikiem
Percentyl według liczby udzielonych odpowiedzi
Twoja historia wyników
Nie rozwiązałeś tego quizu